| 000 | 01436nam0a22003011 4500 | ||
|---|---|---|---|
| 001 | rc\2194109 | ||
| 005 | 20250623012830.0 | ||
| 035 | _a(NLR Aleph) 006510495 | ||
| 090 |
_a6325183 _c6325183 |
||
| 100 | _a20110829d1979 |||y0rusy50 ca | ||
| 101 | 0 | _arus | |
| 102 | _aRU | ||
| 105 | _aa z ||||| | ||
| 200 | 1 |
_aМетодические рекомендации по проведению цитоэмбриологического анализа растений для оценки загрязненности воздуха (в связи с проблемой охраны окружающей среды) _fВАСХНИЛ, Гос. Никит. ботан. сад _g[Сост. И.А. Ругузовым, С.В. Шевченко, Е.Ф. Молчановым] |
|
| 210 |
_aЯлта _cГНБС _d1979 |
||
| 215 |
_a23 с. _cил. _d20 |
||
| 320 | _aБиблиогр.: с. 22-23 | ||
| 606 |
_aАтмосфера _xЗагрязнение _xКонтроль _xГеоботанический метод _2psbo |
||
| 606 |
_aСпоро-пыльцевой анализ _2psbo |
||
| 702 | 1 |
_aШевченко _bС.В. _4220 |
|
| 702 | 1 |
_aМолчанов _bЕ.Ф. _4220 |
|
| 702 | 1 |
_aРугузов _bИ.А. _gИгорь Александрович _4220 |
|
| 712 | 0 | 2 |
_aНикитский ботанический сад _cЯлта |
| 801 | 0 |
_aRU _bNLR _gpsbo |
|
| 801 | 1 |
_aRU _bELAR _2rusmarc |
|
| 852 |
_aNLR _j80-4/18750 |
||
| 942 | _cBOOK | ||
| 980 | _aNB | ||